01227cam a2200277 45000010005000000030008000050050017000130080041000300200015000710350018000860400032001040410008001360820024001441000050001682450096002182600098003143000034004125000082004465040020005285040030005486100047005789420012006259990015006379520156006529520141008084443BD-RjUL20211208233907.0131222s1969 nyuac b 000 0 eng  c: USD 3.50 a(BD-RjUL)4478 aDLCcDLCdDLCdBD-RjULbeng aeng00a331.88091bMOO 19691 aMorse, David A.q(David Abner),d1907-91405214aThe origin and evolution of the I.L.O. and its role in the world communitycDavid A. Morse. aIthaca :bNew York State School of Industrial and Labor Relations, Cornell University,c1969. avii, 125 p. :bill. ;c21 cm. a"The Frank W. Pierce memorial lectures at Cornell University, October, 1968 " aIncludes Index. aBibliography: p. 115-117.20aInternational Labour Organisation.9219100 2ddccBK c4443d4443 00102ddc40718NFICaRUCLbRUCLcReadingd1970-04-10eRoyal Book Corporation.g35.00l0o331.88091 MOO 1969r2013-12-22 00:00:00tC-1w2021-12-08yBK 00102ddc40708NFICaRUCLbRUCLcStackd1970-04-10eRoyal Bookg35.00l0o331.88091 MOO 1969r2016-09-04 00:00:00tC-2w2016-09-04yBK